000 00763nam a2200289Ia 4500
003 OSt
005 20221006141852.0
006 a|||||r|||| 00| 0
007 ta
008 221006b |||||||| |||| 00| 0 eng d
020 _a0865316287
_c268.95
024 _a4,526
037 _cTextual
040 _aEASL
_cEASL
_beng
041 _2eng
_aeng
082 _aY:1.41.N12, M3
100 _aSMITH Richard J
_9457286
245 0 _aChina's cultural heritage
_b Ch'ing dynasty 1644-1912
260 _aBoulder
_bWestview Press
_c1983
300 _axiv,321p.
_ccm.
490 _v CEL
650 _a Literature
650 _a Religion
650 _aCEL
942 _hY:1.41.N12, M3
_cTEXL
_2CC
999 _c1072612
_d1072612